Statistics for country word chain

Click here to take the quiz!

General Stats

  • This quiz has been taken 41 times
  • The average score is 13 of 15

Answer Stats

HintAnswer% Correct
Biggest country in the word by land massRussia
97%
Country with a leaf on its flagCanada
94%
Country which colonized large portions of south AmericaSpain
94%
Bern as capital citySwitzerland
92%
German speaking country home to Europes tallest waterfallsAustria
89%
Birthplace of Lord BuddhaNepal
89%
Country where you can best see the northern lightsNorway
89%
Country which is known for tulipsThe Netherlands
89%
Country which is largely desertYemen
89%
Boarders IranAfghanistan
86%
Spanish speaking country known for importing mangos and other fruitsDominican Republic
86%
Landlocked country which was originally part of French IndochinaLaos
83%
The oldest independent state in the Arab world.Oman
75%
Island discovered by the dutch explorer Abel TasmanNew Zealand
72%
Country with five words in the nameDemocratic Republic of the Congo
67%

Score Distribution

Percentile by Number Answered

Percent of People with Each Score

Your Score History

You have not taken this quiz